[Event "UZB-ch U20 Girls"]
[Site "Novbahor"]
[Date "2012.09.09"]
[Round "4"]
[White "Verbova, Polina"]
[Black "Rustamova, Maftuna"]
[Result "0-1"]
[WhiteElo "1891"]
[BlackElo "1796"]
[PlyCount "88"]
[EventDate "2012.09.06"]
[EventType "tourn"]
[EventRounds "9"]
[EventCountry "UZB"]
[SourceTitle "EXT 2013"]
[Source "ChessBase"]
[SourceDate "2012.11.22"]
[SourceVersion "1"]
[SourceVersionDate "2012.11.22"]
[SourceQuality "1"]

1. d4 d5 2. Nc3 Bf5 3. h3 Nf6 4. Bg5 Nbd7 5. e3 c6 6. Nf3 h6 7. Bf4 e6 8. Bd3 Bxd3 9. Qxd3 a6 10. 0-0 c5 11. b3 Rc8 12. Ne2 b5 13. c3 Be7 14. a4 c4 15. bxc4 bxc4 16. Qc2 0-0 17. Rab1 Ne4 18. Rb7 Bd6 19. Nd2 Nxd2 20. Bxd6 Nxf1 21. Bxf8 Nxe3 22. fxe3 Nxf8 23. e4 Ng6 24. Rb4 Qg5 25. Kh1 Nh4 26. Ng1 dxe4 27. Qxe4 Nf5 28. Ne2 Qd2 29. Kh2 Ne3 30. Qf3 f5 31. Rb7 Kh8 32. Rf7 Rg8 33. a5 Kh7 34. Re7 Qd3 35. Rxe6 Nd1 36. d5 Qxf3 37. gxf3 Rd8 38. d6 Kg8 39. Kg2 Kf7 40. Re7+ Kf6 41. Rc7 Rxd6 42. Rxc4 Ne3+ 43. Kf2 Nxc4 44. Nd4 Nxa5 0-1

[Event "UZB-ch U20 Girls"]
[Site "Novbahor"]
[Date "2012.09.07"]
[Round "2"]
[White "Rustamova, Maftuna"]
[Black "Parpieva, Nodirabegim"]
[Result "0-1"]
[WhiteElo "1796"]
[BlackElo "1822"]
[PlyCount "82"]
[EventDate "2012.09.06"]
[EventType "tourn"]
[EventRounds "9"]
[EventCountry "UZB"]
[SourceTitle "EXT 2013"]
[Source "ChessBase"]
[SourceDate "2012.11.22"]
[SourceVersion "1"]
[SourceVersionDate "2012.11.22"]
[SourceQuality "1"]

1. e4 c5 2. Nf3 d6 3. d4 cxd4 4. Nxd4 Nf6 5. Nc3 Nc6 6. Bg5 e6 7. Be2 a6 8. a4 Be7 9. 0-0 0-0 10. Kh1 d5 11. exd5 Nxd5 12. Nxc6 bxc6 13. Bxe7 Qxe7 14. Nxd5 cxd5 15. Bf3 Bb7 16. Re1 Rfd8 17. Qe2 a5 18. Qe5 Qc5 19. Be4 Qd6 20. Qxd6 Rxd6 21. Bf3 Rc8 22. Rac1 Rdc6 23. c3 Rb6 24. Re2 Rc4 25. Rd2 g6 26. Bd1 e5 27. b3 Rc5 28. h3 d4 29. c4 Rd6 30. Bc2 e4 31. Rcd1 d3 32. Bb1 Rb6 33. Rb2 Rxc4 34. f3 Rc3 35. fxe4 Bxe4 36. Re1 f5 37. Kg1 Kg7 38. Kf2 Rcxb3 39. Rxb3 Rxb3 40. Rd1 f4 41. h4 Kf6 0-1

[Event "UZB-ch U20 Girls"]
[Site "Tashkent"]
[Date "2011.09.18"]
[Round "13"]
[White "Rustamova, Maftuna"]
[Black "Kakhramonova, Mokhinur"]
[Result "1/2-1/2"]
[WhiteElo "1757"]
[BlackElo "1886"]
[PlyCount "160"]
[EventDate "2011.09.06"]
[EventType "tourn"]
[EventRounds "13"]
[EventCountry "UZB"]
[SourceTitle "CBM 144 Extra"]
[Source "ChessBase"]
[SourceDate "2011.10.28"]
[SourceVersion "1"]
[SourceVersionDate "2011.10.28"]
[SourceQuality "1"]

1. d4 d6 2. c4 Nf6 3. Nc3 Nbd7 4. e4 e5 5. d5 Be7 6. Be2 Nf8 7. Nf3 Ng6 8. h3 h6 9. 0-0 0-0 10. Nh2 Nh7 11. Bh5 Bg5 12. Ne2 Bxc1 13. Rxc1 Qh4 14. Ng3 Nf4 15. Bg4 Bxg4 16. Qxg4 Qxg4 17. hxg4 Nf6 18. Rc2 b6 19. Rd1 a5 20. f3 g6 21. Ne2 Nxe2+ 22. Rxe2 Nd7 23. Rf2 Kg7 24. Nf1 a4 25. Ne3 Rfb8 26. a3 Nc5 27. Nc2 b5 28. cxb5 Rxb5 29. Nb4 Rab8 30. Rc2 Kf8 31. Kf2 Ke8 32. Rh1 Kf8 33. Rxh6 Kg7 34. Rh1 Rf8 35. Rf1 Rb7 36. Kg1 f6 37. Rff2 Rbb8 38. Kf1 Rh8 39. Ke2 Rb7 40. Ke1 Rh1+ 41. Rf1 Rh2 42. Kf2 Rh8 43. Rfc1 Kf7 44. Ke3 Rc8 45. Rh1 Kg7 46. Rd1 Rcb8 47. Rdc1 Rc8 48. Rd1 Re8 49. Nd3 Nb3 50. Rc4 Ra8 51. f4 Ra5 52. g5 exf4+ 53. Nxf4 Nc5 54. gxf6+ Kxf6 55. Rf1 Rb3+ 56. Rc3 Rxc3+ 57. bxc3 Na6 58. Kd4 Rb5 59. Nd3+ Ke7 60. Nb4 Nc5 61. Kc4 Rb7 62. Nc6+ Ke8 63. e5 Nb3 64. Re1 dxe5 65. Rxe5+ Kd7 66. Re7+ Kd6 67. Re6+ Kd7 68. Ne5+ Kd8 69. Rxg6 Nd2+ 70. Kd3 Nb1 71. Rc6 Nxa3 72. Ra6 Nb1 73. Rxa4 Rb2 74. g4 Rd2+ 75. Ke3 Rxd5 76. Rd4 Nxc3 77. Rxd5+ Nxd5+ 78. Kd4 Ne7 79. Kc5 Kc8 80. g5 Kd8 1/2-1/2

[Event "UZB-ch U20 Girls"]
[Site "Tashkent"]
[Date "2011.09.15"]
[Round "10"]
[White "Abdusattorova, Bakhora"]
[Black "Rustamova, Maftuna"]
[Result "1/2-1/2"]
[WhiteElo "1833"]
[BlackElo "1757"]
[PlyCount "130"]
[EventDate "2011.09.06"]
[EventType "tourn"]
[EventRounds "13"]
[EventCountry "UZB"]
[SourceTitle "CBM 144 Extra"]
[Source "ChessBase"]
[SourceDate "2011.10.28"]
[SourceVersion "1"]
[SourceVersionDate "2011.10.28"]
[SourceQuality "1"]

1. d4 d5 2. Nf3 Nf6 3. Bf4 c6 4. e3 e6 5. Bd3 Qb6 6. b3 Be7 7. 0-0 0-0 8. Nbd2 Nbd7 9. c4 Qd8 10. h3 b6 11. Qe2 Bb7 12. Rac1 Rc8 13. Bh2 c5 14. Rfe1 Re8 15. cxd5 exd5 16. Bb5 cxd4 17. Nxd4 Bb4 18. Red1 Bc5 19. N2f3 Rf8 20. Qb2 Ne4 21. Nf5 Qf6 22. Qxf6 Nexf6 23. Bd6 Bxd6 24. Nxd6 Rxc1 25. Rxc1 Ba8 26. Rc7 Nc5 27. Rxa7 Nce4 28. Nxf7 Rxf7 29. Rxa8+ Rf8 30. Rxf8+ Kxf8 31. Nd4 Nc3 32. a4 Ke7 33. f3 Nd1 34. Kf1 Nxe3+ 35. Kf2 Nd1+ 36. Ke2 Nc3+ 37. Kd3 Na2 38. Nc6+ Kd6 39. b4 d4 40. Nxd4 Nxb4+ 41. Kc4 Nbd5 42. g3 g6 43. Bc6 h5 44. Bxd5 Nxd5 45. Ne2 Ne3+ 46. Kb5 Kc7 47. Nf4 Nf5 48. Nxg6 Nd4+ 49. Kc4 Nxf3 50. Nf4 h4 51. g4 Ng5 52. Kd5 Kd7 53. Ke5 Ke7 54. Kf5 Nf3 55. g5 Kf7 56. Nd5 Nd4+ 57. Kg4 b5 58. axb5 Nxb5 59. Kxh4 Nd6 60. Kg4 Kg7 61. h4 Nf7 62. h5 Kg8 63. Kf5 Kg7 64. h6+ Nxh6+ 65. gxh6+ Kxh6 1/2-1/2

[Event "UZB-ch U20 Girls"]
[Site "Tashkent"]
[Date "2011.09.13"]
[Round "8"]
[White "Kurbonboeva, Sarvinoz"]
[Black "Rustamova, Maftuna"]
[Result "1-0"]
[WhiteElo "2133"]
[BlackElo "1757"]
[PlyCount "79"]
[EventDate "2011.09.06"]
[EventType "tourn"]
[EventRounds "13"]
[EventCountry "UZB"]
[SourceTitle "CBM 144 Extra"]
[Source "ChessBase"]
[SourceDate "2011.10.28"]
[SourceVersion "1"]
[SourceVersionDate "2011.10.28"]
[SourceQuality "1"]

1. c4 Nf6 2. Nc3 e5 3. g3 d5 4. cxd5 Nxd5 5. Bg2 Be6 6. Nf3 Nc6 7. Ng5 Qxg5 8. Nxd5 Bxd5 9. Bxd5 Qf6 10. Qa4 Bc5 11. 0-0 0-0 12. Bxc6 bxc6 13. d3 Rad8 14. Bd2 Bb6 15. Rac1 e4 16. Bc3 Qg6 17. Qxe4 Qxe4 18. dxe4 f6 19. Kg2 Rde8 20. f3 f5 21. e5 f4 22. Rcd1 Re6 23. Rd7 fxg3 24. hxg3 Rf7 25. Rd8+ Rf8 26. Rxf8+ Kxf8 27. f4 Re8 28. Rd1 Ke7 29. f5 Bc5 30. e4 g6 31. Kf3 Rf8 32. Kf4 gxf5 33. exf5 Rg8 34. Rh1 Rh8 35. e6 Bd6+ 36. Kf3 Rg8 37. Rxh7+ Kd8 38. Rg7 Rf8 39. f6 Rh8 40. f7 1-0

[Event "UZB-ch U20 Girls"]
[Site "Tashkent"]
[Date "2011.09.12"]
[Round "7"]
[White "Rustamova, Maftuna"]
[Black "Verbova, Polina"]
[Result "0-1"]
[WhiteElo "1757"]
[BlackElo "1906"]
[PlyCount "122"]
[EventDate "2011.09.06"]
[EventType "tourn"]
[EventRounds "13"]
[EventCountry "UZB"]
[SourceTitle "CBM 144 Extra"]
[Source "ChessBase"]
[SourceDate "2011.10.28"]
[SourceVersion "1"]
[SourceVersionDate "2011.10.28"]
[SourceQuality "1"]

1. e4 e5 2. Nf3 Nf6 3. Nc3 Nc6 4. Bb5 d6 5. d3 Bd7 6. h3 Be7 7. 0-0 0-0 8. Be3 a6 9. Bc4 Na5 10. Bd5 c6 11. Bb3 Nxb3 12. axb3 c5 13. Ne2 Qc7 14. c4 Rfb8 15. Qd2 Bc6 16. Rfb1 a5 17. Ng3 g6 18. Nh2 b6 19. Nf3 Ne8 20. Bh6 Bd7 21. Ne2 Ng7 22. Nc3 Bc6 23. Ng5 Qd8 24. Nf3 Ra7 25. Ne1 Ne6 26. Nc2 f6 27. Be3 Bf8 28. Nd5 Bxd5 29. cxd5 Nd4 30. Bxd4 exd4 31. b4 Rba8 32. bxc5 dxc5 33. Na3 Rb7 34. Nc4 a4 35. Qc2 b5 36. Nd2 Rba7 37. Qd1 Qb6 38. Qg4 Kg7 39. f4 Kh8 40. e5 Bg7 41. e6 Qd6 42. Qf3 Rd8 43. Re1 Bf8 44. Ne4 Qxd5 45. Nxf6 Qxf3 46. gxf3 Kg7 47. Nd7 Re8 48. Kf2 Be7 49. Kg2 Bd6 50. Rac1 Rc7 51. Re4 b4 52. Ra1 Ra7 53. Kf1 Ra6 54. Kf2 a3 55. bxa3 Rxa3 56. Rxa3 bxa3 57. Re2 Bxf4 58. Nxc5 Be3+ 59. Kf1 Rc8 60. Nb3 Rb8 61. Na5 Rb2 0-1

[Event "UZB-ch U20 Girls"]
[Site "Tashkent"]
[Date "2011.09.11"]
[Round "6"]
[White "Khursanova, Farida"]
[Black "Rustamova, Maftuna"]
[Result "1/2-1/2"]
[WhiteElo "1874"]
[BlackElo "1757"]
[PlyCount "94"]
[EventDate "2011.09.06"]
[EventType "tourn"]
[EventRounds "13"]
[EventCountry "UZB"]
[SourceTitle "CBM 144 Extra"]
[Source "ChessBase"]
[SourceDate "2011.10.28"]
[SourceVersion "1"]
[SourceVersionDate "2011.10.28"]
[SourceQuality "1"]

1. d4 d5 2. c4 c6 3. cxd5 cxd5 4. Nc3 Nf6 5. Bf4 Nc6 6. Nf3 Bf5 7. e3 a6 8. Bd3 Bxd3 9. Qxd3 e6 10. 0-0 Be7 11. Bg5 0-0 12. Rfc1 Rc8 13. Qe2 Qd6 14. Bf4 Qd7 15. Qd1 Bb4 16. Na4 Qd8 17. a3 Bd6 18. Bxd6 Qxd6 19. Nc5 Qe7 20. Qb3 Na5 21. Qb4 Nc4 22. b3 Nd6 23. Ne5 Rb8 24. h3 Rfc8 25. Rab1 h6 26. Ra1 Kh7 27. a4 a5 28. Qd2 b6 29. Ncd3 Nde4 30. Qe1 Qe8 31. f3 Nd6 32. Qd2 Nd7 33. Nxd7 Qxd7 34. Ne5 Qe8 35. Qd3+ Kg8 36. e4 b5 37. exd5 exd5 38. Re1 Qd8 39. Rab1 b4 40. Rbc1 Rxc1 41. Rxc1 Rc8 42. Rc5 Nb7 43. Rc2 Nd6 44. Rc5 Nb7 45. Rc2 Nd6 46. Rc5 Nb7 47. Rc2 Nd6 1/2-1/2

[Event "UZB-ch U20 Girls"]
[Site "Tashkent"]
[Date "2011.09.10"]
[Round "5"]
[White "Rustamova, Maftuna"]
[Black "Afolayyan, Marjona"]
[Result "1-0"]
[WhiteElo "1757"]
[BlackElo "1887"]
[PlyCount "109"]
[EventDate "2011.09.06"]
[EventType "tourn"]
[EventRounds "13"]
[EventCountry "UZB"]
[SourceTitle "CBM 144 Extra"]
[Source "ChessBase"]
[SourceDate "2011.10.28"]
[SourceVersion "1"]
[SourceVersionDate "2011.10.28"]
[SourceQuality "1"]

1. e4 e5 2. Nf3 Nc6 3. Bb5 a6 4. Ba4 d6 5. c3 Bd7 6. d4 Nge7 7. Be3 Ng6 8. Nbd2 Be7 9. 0-0 h6 10. h3 Bg5 11. Bb3 Nf4 12. dxe5 Nxe5 13. Nxe5 dxe5 14. Nf3 Qf6 15. Bxf4 Bxf4 16. Qd3 0-0-0 17. Qe2 Qg6 18. Kh1 Qh5 19. Ng1 Qg6 20. Qf3 h5 21. Ne2 Bg4 22. Nxf4 exf4 23. Qxf4 f5 24. f3 Bxh3 25. gxh3 fxe4 26. fxe4 Kb8 27. Rg1 Qb6 28. Rad1 Rdf8 29. Qg5 g6 30. Qxg6 Qe3 31. Qg3 Qxe4+ 32. Qg2 Rf3 33. Rge1 Rxh3+ 34. Kg1 Qh4 35. Re4 Qg3 36. Qxg3 Rxg3+ 37. Kh2 Rf3 38. Rg1 Ka7 39. Rh4 Rh6 40. Rg5 Rf2+ 41. Kg3 Rxb2 42. Rhxh5 Rxh5 43. Rxh5 Rd2 44. Rd5 Re2 45. Kf3 Re7 46. Rd4 Kb6 47. Rb4+ Ka7 48. Re4 Rh7 49. Ke3 Rh3+ 50. Kd4 c5+ 51. Kc4 b5+ 52. Kxc5 Rxc3+ 53. Kb4 Rc6 54. Ka5 Kb7 55. Bd5 1-0

[Event "UZB-ch U20 Girls"]
[Site "Tashkent"]
[Date "2011.09.06"]
[Round "1"]
[White "Sabirova, Jannet"]
[Black "Rustamova, Maftuna"]
[Result "1/2-1/2"]
[WhiteElo "1828"]
[BlackElo "1757"]
[PlyCount "63"]
[EventDate "2011.09.06"]
[EventType "tourn"]
[EventRounds "13"]
[EventCountry "UZB"]
[SourceTitle "CBM 144 Extra"]
[Source "ChessBase"]
[SourceDate "2011.10.28"]
[SourceVersion "1"]
[SourceVersionDate "2011.10.28"]
[SourceQuality "1"]

1. d4 d5 2. c4 c6 3. cxd5 cxd5 4. Nc3 Nf6 5. Bg5 Nbd7 6. e3 a6 7. Nf3 Ne4 8. Nxe4 dxe4 9. Nd2 Qa5 10. Bh4 e5 11. a3 exd4 12. exd4 Be7 13. Bxe7 Kxe7 14. b4 Qf5 15. Nc4 Nf6 16. Ne3 Qg5 17. Rc1 Re8 18. Rc7+ Kf8 19. Bc4 Be6 20. Bxe6 Rxe6 21. Qc2 Qf4 22. Qc5+ Kg8 23. d5 Re5 24. Rc8+ Rxc8 25. Qxc8+ Re8 26. Qxb7 Ng4 27. Nxg4 Qc1+ 28. Ke2 Qxh1 29. Ne5 Rf8 30. Nd7 Re8 31. Ne5 Rf8 32. Nd7 1/2-1/2